Метрология, стандартизация и сертификация: электронный курс

מידע ביבליוגרפי
מחבר ראשי: Коротков В. С. Владимир Сергеевич
מחבר תאגידי: Национальный исследовательский Томский политехнический университет (ТПУ) Институт кибернетики (ИК) Кафедра технологии автоматизированного машиностроительного производства (ТАМП)
סיכום:Заглавие с экрана
Объектом изучения дисциплины МСиС является качество продукции, работ и услуг. Предметом изучения - методы и средства достижения требуемого качества. В курсе рассматриваются инструменты при помощи которых обеспечивается заданное качество продукции. Основное внимание уделено обеспечению взаимозаменяемости изделий машиностроительного производства. В результате изучения дисциплины студент будет знать терминологию, краткую историю развития метрологии, стандартизации и сертификации, а так же виды взаимозаменяемости изделий. Будет уметь нормировать точность изготовления гладких цилиндрических и типовых соединений деталей машин с использованием стандартов. Будет владеть методами расчета: зазоров и натягов в соединениях, размерных цепей и способами обозначения требований к точности изготовления элементов деталей на чертежах.
Доступ по логину и паролю
שפה:רוסית
יצא לאור: Томск, TPU Moodle, 2016
נושאים:
גישה מקוונת:http://design.lms.tpu.ru/course/view.php?id=625
פורמט: אלקטרוני ספר
KOHA link:https://koha.lib.tpu.ru/cgi-bin/koha/opac-detail.pl?biblionumber=652034

MARC

LEADER 00000nlm0a2200000 4500
001 652034
005 20240215134428.0
035 |a (RuTPU)RU\TPU\network\17297 
035 |a RU\TPU\network\17295 
090 |a 652034 
100 |a 20161130d2016 m y0rusy50 ca 
101 0 |a rus 
102 |a RU 
105 |a a j 000zy 
135 |a jrcn ---uucaa 
181 0 |a i  
182 0 |a b 
200 1 |a Метрология, стандартизация и сертификация  |e электронный курс  |f В. С. Коротков  |g Национальный исследовательский Томский политехнический университет (ТПУ), Институт кибернетики (ИК), Кафедра технологии автоматизированного машиностроительного производства (ТАМП) 
203 |a Текст  |c электронный 
210 |a Томск  |c TPU Moodle  |d 2016 
300 |a Заглавие с экрана 
330 |a Объектом изучения дисциплины МСиС является качество продукции, работ и услуг. Предметом изучения - методы и средства достижения требуемого качества. В курсе рассматриваются инструменты при помощи которых обеспечивается заданное качество продукции. Основное внимание уделено обеспечению взаимозаменяемости изделий машиностроительного производства. В результате изучения дисциплины студент будет знать терминологию, краткую историю развития метрологии, стандартизации и сертификации, а так же виды взаимозаменяемости изделий. Будет уметь нормировать точность изготовления гладких цилиндрических и типовых соединений деталей машин с использованием стандартов. Будет владеть методами расчета: зазоров и натягов в соединениях, размерных цепей и способами обозначения требований к точности изготовления элементов деталей на чертежах. 
333 |a Доступ по логину и паролю 
606 1 |a Метрология  |2 stltpush  |3 (RuTPU)RU\TPU\subj\43497  |9 62988 
610 1 |a электронный ресурс 
610 1 |a труды учёных ТПУ 
610 1 |a электронное обучение 
610 1 |a электронные курсы ТПУ 
610 1 |a качество 
610 1 |a стандартизация 
610 1 |a сертификация 
610 1 |a взаимозаменяемость 
610 1 |a точность 
610 1 |a погрешность 
610 1 |a допуск 
610 1 |a размеры 
610 1 |a квалитеты 
610 1 |a шероховатые поверхности 
610 1 |a электронные учебные пособия 
610 1 |a учебные пособия 
675 |a 006(075.8)  |v 4 
700 1 |a Коротков  |b В. С.  |c специалист в области машиностроения  |c доцент Томского политехнического университета, кандидат технических наук  |f 1965-  |g Владимир Сергеевич  |3 (RuTPU)RU\TPU\pers\28985  |9 13706 
712 0 2 |a Национальный исследовательский Томский политехнический университет (ТПУ)  |b Институт кибернетики (ИК)  |b Кафедра технологии автоматизированного машиностроительного производства (ТАМП)  |3 (RuTPU)RU\TPU\col\18705 
801 2 |a RU  |b 63413507  |c 20170209  |g RCR 
856 4 |u http://design.lms.tpu.ru/course/view.php?id=625 
942 |c CF